000 00489nam a2200157Ia 4500
008 090124s9999 xx 000 0 und d
082 _b46086
100 _aगोडबोले अरुण
245 _a सिनेमाचे दिवस
250 _a0
600 _aगोडबोले अरुण
630 _a सिनेमाचे दिवस
700 _aगोडबोले अरुण
730 _a सिनेमाचे दिवस
942 _cBOOK
999 _c112307
_d112307